[Event "Umuarama JOJUPS Cup (Women)"]
[White "Camargo, Daisy Ferreira"]
[Black "Facchi, Julia Cristina"]
[Site "Umuarama"]
[Round "3"]
[Result "1/2-1/2"]
[Date "2013.??.??"]
[WhiteElo "1657"]
[BlackElo "1800"]
[PlyCount "65"]
[EventDate "2013.10.19"]
[EventType "team-swiss"]
[EventRounds "6"]
[EventCountry "BRA"]
[SourceTitle "EXT 2014"]
[Source "ChessBase"]
[SourceDate "2013.11.20"]
[SourceVersion "1"]
[SourceVersionDate "2013.11.20"]
[SourceQuality "1"]
[WhiteTeam "Londrina (W)"]
[BlackTeam "Cascavel (W)"]
[WhiteTeamCountry "BRA"]
[BlackTeamCountry "BRA"]

1. c4 e6 2. Nc3 Nf6 3. g3 d5 4. cxd5 exd5 5. d4 Bf5 6. Bg2 h6 7. Nf3 c6 8. 0-0 Bd6 9. a3 0-0 10. b4 b5 11. Qb3 a5 12. bxa5 Qxa5 13. Bb2 Nbd7 14. Rfe1 Rfe8 15. Nd2 Qb6 16. e4 dxe4 17. Ncxe4 Bc7 18. Rac1 Be6 19. Qd3 Bd5 20. Rc2 Rac8 21. Nxf6+ Nxf6 22. Rxe8+ Rxe8 23. Bxd5 Nxd5 24. Nf3 b4 25. Re2 Ra8 26. axb4 Qxb4 27. Ne5 Bxe5 28. Rxe5 Qxb2 29. Re2 Qb7 30. Kg2 Nf6 31. f3 Re8 32. Rc2 g6 33. h4 1/2-1/2